| 000 | 00869nam a22002177a 4500 | ||
|---|---|---|---|
| 005 | 20210906134949.0 | ||
| 008 | 210903s1986 ck a|||gr|||| 00| 0 spa d | ||
| 020 | _a9589128009 | ||
| 040 |
_aCO-BoUCM _bspa _cDeissy Garcia _dDeissy Garcia |
||
| 041 | 0 | _aspa | |
| 100 |
_aDíaz, Hernán _9105301 |
||
| 245 | 1 | 0 |
_aCartagena y la casa de huéspedes ilustres de Colombia _cen fotografías de Hernán Díaz, Germán Téllez |
| 260 |
_aBogotá _bDimo-Libros _c1986 |
||
| 300 |
_a[108] páginas _bilustraciones |
||
| 610 |
_aCasa de Huéspedes Ilustres de Colombia (Cartagena, Colombia) _vFotografías _9105458 |
||
| 650 | 7 |
_aFotografía _vColecciones _9105459 |
|
| 651 |
_aCartagena (Colombia) _vFotografías _xDescripciones y viajes _9105460 |
||
| 700 |
_aTéllez, Germán _9105300 |
||
| 942 |
_2DEWEY _a17 _cLIBRO _e1 _h779.4 _mD277c _n0 |
||
| 999 |
_c319214 _d319214 |
||